Quiz sur Nekfeu - Statistiques

Statistiques générales
  • Ce quiz a été pris 3 468 fois
  • Le résultat moyen est 17 sur 28
Statistiques - réponses
Question Réponse % Correct
Prénom de Nekfeu Ken
98%
Groupe avec lequel il sort l'album "Destins Liés" en 2016 S-Crew
89%
Album Feu
83%
Album Les Étoiles vagabondes
83%
Rappeur français décédé en 2019 présent sur le morceau "Esquimaux" Népal
81%
Plus gros succès commercial de Nekfeu On verra
81%
Album Cyborg
77%
Nom de famille de Nekfeu Samaras
75%
Groupe qu'il rejoint plus tard, fondé par Alpha Wann et Areno Jaz 1995
73%
Chanteur anglais qui chante les refrains de "Reuf" Ed Sheeran
72%
"D’où sors-tu ? Ta ??? tue" douceur
69%
Morceau extrait de son troisième album en featuring avec Damso Tricheur
69%
"Je ne vois plus que des ???, ça a commencé à l'école" clones
66%
Label créé par Nekfeu Seine Zoo Records
63%
Collectif de rap parisien regroupant de nombreux rappeurs dont Nekfeu L'Entourage
62%
Rappeur avec qui il signe les single "Ma Dope" et "Saturne" S.Pri Noir
61%
Rappeur avec qui Nekfeu collabore pour le titre "Skurt Cobain" Sneazzy
59%
Ligue de rap battle qui a participé à la popularité du rappeur Rap Contenders
58%
Autres membres de ce groupe (citez-en 1) Framal | Mekra | 2zer
55%
"Selon l'environnement, j'abaisse mon ???, comme un goldfish dans le bocal" niveau
46%
Beatmaker avec qui il travaille majoritairement(citez-en 1) Hugz Hefner | Diabi | Hologram Lo' | En'Zoo
43%
Single du deuxième album de Nekfeu récompensé d'un disque de diamant (citez-en 1) Mauvaise graine | Squa | Saturne
40%
"Le diable me remet dans le mal Elle veut que je l'emmène en bas Afin de fumer la ??? ???" white widow
40%
Série d'animation japonaise pour laquelle il double le personnage "All For One" My Hero Academia
35%
"J'viens d'un monde où même les ??? sont à vendre, j'avance car l'avenir m'attire" morts
29%
Film dans lequel Nekfeu joue un rôle (citez-en 1) Tout nous sépare | L’Échappée
26%
Artiste international présent sur le troisième album solo de Nekfeu (citez-en 1) BJ the Chicago Kid | Crystal Kay
20%
Collectif qu'il cofonde avec le Fixpen Sill et Hors II portée 5 Majeur
18%
Aucun quiz correspondant
Distribution des résultats
% des personnes avec chaque résultat
Percentile par nombre de réponses
Votre historique - résultats
Vous n’avez pas pris ce quiz